000 00424nam a22001697a 4500
999 _c260439
_d260438
003 OSt
005 20230803101738.0
008 230803b xxu||||| |||| 00| 0 eng d
020 _a8170001870
040 _cRU
050 _aZ692
_b.G878 1995
100 _aGupta, Sangita
245 _aManpower needs of Automated Libraries
260 _aNew Delhi India
_bEss Ess Publications
_c1995
300 _a281p
942 _2lcc
_cBK